[Event "Chigorin Memorial-B 14th"]
[Site "St Petersburg"]
[Date "2006.10.29"]
[Round "8"]
[White "Nikitin, Aleksey"]
[Black "Kirillov, Evgeniy"]
[Result "0-1"]
[WhiteElo "2221"]
[BlackElo "2256"]
[PlyCount "66"]
[EventDate "2006.10.23"]
[EventType "swiss"]
[EventRounds "9"]
[EventCountry "RUS"]
[SourceTitle "EXT 2007"]
[Source "ChessBase"]
[SourceDate "2006.11.23"]
[SourceVersion "1"]
[SourceVersionDate "2006.11.23"]
[SourceQuality "1"]

1. e4 e5 2. Nf3 Nc6 3. Bb5 f5 4. d3 fxe4 5. dxe4 Nf6 6. Nc3 d6 7. Bg5 Be7 8. Bc4 Bg4 9. h3 Bh5 10. g4 Bg6 11. Qd3 h6 12. Nh4 hxg5 13. Nxg6 Rh6 14. Nxe7 Qxe7 15. Nd5 Nxd5 16. exd5 Nd8 17. 0-0-0 Nf7 18. Qb3 b6 19. Bb5+ Kf8 20. Rd3 Rf6 21. f3 e4 22. fxe4 Qxe4 23. Rhd1 Qe7 24. Re3 Ne5 25. Rde1 g6 26. Bc6 Rd8 27. Qa3 a5 28. Re4 Rf7 29. Qe3 Kg7 30. Bb5 Rdf8 31. Qa3 Qf6 32. Rf1 Qxf1+ 33. Bxf1 Rxf1+ 0-1